000 00360nam a2200145Ia 4500
008 230711s9999||||xx |||||||||||||| ||und||
041 _aENG
082 _a720
_bHE-S
100 _aHerzog,Thomas
245 0 _aSolar energy in Architecture and urban planning
250 _a1st . Ed.
260 _c1997
_aNew York
_bPrestel
650 _aArchitecture
942 _cBK
999 _c4185
_d4185